Trên đỉnh Trường Sơn kể "Truyện Kiều" / Thiếu tướng Nguyễn An.

Guardat en:
Dades bibliogràfiques
Format: Llibre
Publicat: Thanh niên 1999
Etiquetes: Afegir etiqueta
Sense etiquetes, Sigues el primer a etiquetar aquest registre!
Thư viện lưu trữ: Mạng thư viện Đại học Đà Nẵng
LEADER 00508nam a22001811a 4500
001 000035759
003 12050
005 20160318111218.0
008 160318s1999 000
082 |a 895.92834  |b NG-A 
245 |a Trên đỉnh Trường Sơn kể "Truyện Kiều" / Thiếu tướng Nguyễn An.  |c Nguyễn An 
260 |a Thanh niên  |c 1999 
OWN |a LNN 
999 |a From the UDN01 
TYP |a Monograph 
980 |a Mạng thư viện Đại học Đà Nẵng